000 00688nam a2200229 a 4500
001 BRCA_3952
005 20190320204505.0
008 130110s1914----gw-a######---#000-0#ger-#
041 _ager
044 _agw
050 4 _aF1219
_b.S45 1914
100 1 _aSeler, Eduard
_d1849-1922
_95287
245 1 0 _aGesammelte Abhandlugen zur amerikanischen Sprach und Alterthumskunde
_cvon Eduard Seler.
260 _aBerlín
_bA. Asher : Behrend
_c1914
300 _a3 v.
_bil.
_c26 cm.
_e1 índice de la obra
500 _aCDE10
650 1 4 _aManuscritos mexicanos
_9781
650 1 4 _aIndios de México
_xLenguas
_98241
651 4 _aMéxico
_xAntigüedades
_92765
902 _aGFM
942 _2lcc
_cB
999 _c3679
_d3679